Statistics for 15 Biggest Cities in Iran

Click here to take the quiz!

General Stats

  • This quiz has been taken 157 times
  • The average score is 7 of 15

Answer Stats

PopulationCity% Correct
7 150 000Tehran
100%
2 305 000Mashhad
85%
1 545 000Isfahan
82%
1 425 000Tabriz
71%
1 250 000Shiraz
69%
900 000Qom
67%
575 000Kerman
51%
840 000Ahvaz
48%
620 000Kermanshah
45%
1 450 000Karaj
41%
595 000Rasht
37%
550 000Zahedan
32%
575 000Orumiyeh
5%
765 000Kahriz
3%
790 000Pasragad Branch
2%

Score Distribution

Percentile by Number Answered

Percent of People with Each Score

Your Score History

You have not taken this quiz